000
00336nam a2200133 a 4500
005
20140414132101.0
008
100719s19uu xx 00 eng d
050
_a
ER
_b
B43 1979
100
_a
Isadora, Rachel
245
_a
Ben's trumpet.
260
_a
New York :
_b
Scholastic,
_c
1979.
650
_a
Musical instruments
999
_c
114458
_d
114458